1078 1001 1657 1881 1325 1411 1223 1430 1138 1278 1129 1251 1449 1930 1427 1990 1271 1379 1974 1164 1742 1502 1601 1995 1873 1902 1578 1400 1307 1710 1221 1241 1690 1420 1881 1962 1160 1587 1397 1501 1854 1271 1555 1458 2000 1598 1868 1713 1459 1220 1718 1962 1647 1639 1129 1312 1542 1414 1254 1960 1039 1474 1397 1463 1320 1196 1867 1916 1707 1557 1694 1819 1452 1333 1103 1961 1852 1049 1622 1104 1197 1981 1459 1577 1451 1002 1002 1381 1053 1161 1007 1300 1556 1107 1863 1120 1514 1122 1998 BCNSPRNW ULIB Ver.6.0+V

เปลี่ยนเป็นภาษาไทย

Change to English
 แสดงรายละเอียดบรรณานุกรม
  กลับหน้าหลัก

Brief Record : Get Marc (ISO 2709) : E-mail record : QR code < ปิดหน้าต่าง
LEADER : 00000nam 2200000uu 4500
001    13399112731
003     ULIB
008    110907s2550||||th 000 0 tha d
050 04 LB1027^bส815ผ 2550
100 0  สุนันทา สุนทรประเสริฐ
245 10 แผนการจัดการเรียนรู้ที่เน้นผู้เรียนเป็นสำคัญ :^bตามหลักสูตรการศึกษาขั้นพื้นฐานโดยใช้กระบวนการเรียนรู้สู่...การบูรณาการ/^cสุนันทา สุนทรประเสริฐ
250    พิมพ์ครั้งที่ 2
260    กรุงเทพ ฯ :^bธรรมรักษ์การพิมพ์,^c2550
300    228 หน้า
650  4 การศึกษา^xหลักสูตร
650  4 การวางแผนหลักสูตร
945    ^p150^l0^i027458
995    ทศพร
999 ^a ทศพร
รายการนี้ยังไม่มีแท็ก
คุณยังไม่ได้ล็อกอิน คุณสามารถมีกิจกรรมร่วมกับเว็บไซต์ได้ แต่ต้องล็อกอินก่อน ::
  ล็อกอิน

รายการสื่อสารสนเทศ

ลำดับที่ ประเภท เลขเรียก/บาร์โค้ด สถานที่ สถานะ
- ไม่พบข้อมูล -

รายการใกล้เคียง
    ผู้แต่ง [สุนันทา สุนทรประเสริฐ]

    หัวเรื่อง [การวางแผนหลักสูตร]

BibComment


ยังไม่เคยถูกคอมเมนท์

คอมเมนท์ทรัพยากรรายการนี้
  คอมเมนท์: แผนการจัดการเรียน..


 Copyright 2026. Bcnsprnw @Library